Quelle ville en Occitanie ? - Statistiques

Statistiques générales
  • Ce quiz a été pris 103 fois
  • Le résultat moyen est 14 sur 20
Statistiques - réponses
Indice Initiales Ville % Correct
On la surnomme la Ville Rose T Toulouse
100%
Sa Cité est l'un des lieux les plus visités de France C Carcassonne
93%
Haut lieu de pélerinage, où de nombreux malades auraient été miraculés L Lourdes
90%
Son viaduc à haubans terminé en 2004 a battu des records de hauteur et de longueur M Millau
87%
Capitale de la Catalogne française P Perpignan
87%
En combinant Troyes, la ville précédente et celle-ci, on obtient 21 S Sète
87%
Ce serait insultant de résumer cette ville du Gers à sa signification en anglais : préservatif C Condom
83%
Au pied des Pyrénées, elle a été le chef-lieu de son comté à l'époque médiévale F Foix
82%
L'époque romaine lui a donné ses arènes, sa Maison carrée ou encore sa tour Magne N Nîmes
82%
L'aéroport de la ville précédente s'y trouve, tout comme le siège d'Airbus B Blagnac
76%
Station balnéaire située sur un cap, au sud de l'étang de Thau A Agde
68%
Préfecture du département le moins peuplé de France M Mende
67%
"Premier duché de France", à proximité du pont du Gard U Uzès
62%
Commune du massif central donnant son nom à un type de couteau, et à un fromage L Laguiole
61%
Ville tarnaise où naquit Jean Jaurès C Castres
57%
Formant une presqu'île sur les rives du Lot, elle peut être rejointe via le pont Valentré C Cahors
49%
Son cirque et sa cascade en font peut-être le site le plus visité des Pyrénées G Gavarnie
45%
L'un des villages les plus représentatifs de la ruralité touristique du sud-ouest français R Rocamadour
42%
Considéré comme le plus ancien vignoble de France, produit depuis plusieurs millénaires G Gaillac
37%
Commune des Pyrénées-Orientales où ont été découverts des fossiles d'hommes préhistoriques T Tautavel
29%
Aucun quiz correspondant
Distribution des résultats
% des personnes avec chaque résultat
Percentile par nombre de réponses
Votre historique - résultats
Vous n’avez pas pris ce quiz